Descendants: What's My Name Lyrics - Statistics

General Stats
  • This quiz has been taken 321 times
  • The average score is 339 of 423
Answer Stats
Answer % Correct
a
97%
I
97%
me
97%
my
97%
My
97%
name?
97%
name
97%
what
97%
la-la-Um!)
94%
la-la-Uma!)
94%
the
94%
The
94%
What's
94%
it
92%
it?
92%
it,
92%
it!
92%
loud!
92%
on
92%
on!
92%
Say
91%
say
91%
say,
91%
louder!
90%
(Uma-ah-ah-ah!)
90%
who
90%
la-la-Uma!)
89%
(Uuuuuuuuuuma!)
89%
(Uma!)
88%
(Uma,
88%
Uma,
88%
all
86%
All
86%
our
86%
Our
86%
be
85%
I'm
85%
No
85%
no
85%
to
85%
one.
84%
world.
84%
world
84%
me,
83%
me
83%
me!
83%
stop
83%
We
83%
we
83%
is
82%
is.
82%
This
82%
this
82%
and
80%
Feel
80%
ours.
80%
power.
80%
of
79%
will
79%
you
79%
You
79%
girls.
78%
girls
78%
gonna
78%
see
78%
so
78%
us,
78%
us
78%
boys
77%
boys.
77%
call
77%
Call
77%
It's
76%
know
76%
get
75%
one's
75%
'til
75%
'em
74%
'em.
74%
They
74%
they
74%
deck.
73%
don't
73%
in
73%
last
73%
disrespect.
72%
eyes
72%
hands
72%
won't
72%
queen
71%
rule
71%
out
70%
time,
70%
am.
69%
lost
69%
tired
69%
next.
68%
Next!
68%
let
67%
wear
67%
Calling
66%
gettin'
65%
need
65%
town.
65%
crown.
64%
number
64%
up
64%
fun."
63%
shots,
63%
"Bad
62%
'cause
62%
fake
62%
captain,
61%
forget.
61%
have
61%
Tell
61%
here
60%
Never
60%
nothing
60%
day!
59%
every
59%
first
59%
She's
59%
can't
58%
charge
58%
Hey!
58%
Hey,
58%
single
58%
Stand
58%
stand
58%
who's
58%
yet.
58%
chance.
57%
count
56%
hook.
56%
Hook
56%
mate.
56%
learned
55%
regret.
55%
your
55%
about
54%
as
54%
come.
54%
Come
54%
life,
54%
pirate's
54%
set.
54%
Set!
54%
ain't
53%
seen
53%
straight.
53%
gets.
51%
Gets!
51%
sail's
51%
soon
51%
now
49%
way.
48%
leaving
47%
their
47%
always
46%
if
46%
real
46%
best
45%
Enemies
44%
look
44%
(Oh!)
44%
hot
43%
fish
42%
worst
42%
burned
41%
crew's
40%
Ready
40%
seasick,
40%
bait!
38%
Uma's
38%
Throw
33%
Haha!
31%
Ooh,
22%
No matching quizzes found
Score Distribution
Percent of People with Each Score
Percentile by Number Answered
Your Score History
You have not taken this quiz